| 000 | 00571nam a2200229 a 4500 | ||
|---|---|---|---|
| 999 |
_c5921 _d5921 |
||
| 001 | d #5921 | ||
| 003 | BD-JhCC | ||
| 005 | 20171230184942.0 | ||
| 008 | 171230s1963 bg a|||| |a|| 000 0 eng d | ||
| 035 | _a(BD-JhCC)d #5921 | ||
| 040 |
_aBD-JhCC _dBD-JhCC |
||
| 041 | _aeng | ||
| 082 |
_a633.73 _bHAR 1963 |
||
| 100 | _aHaarer, A. E. | ||
| 245 |
_aCoffee Growing / _cA. E. Haarer |
||
| 260 |
_aNew York _bOxford University Press, _c1963. |
||
| 260 | _aToronto : | ||
| 300 |
_a127 p. : _c cm. |
||
| 650 | _aCultivaction, Coffee | ||
| 942 |
_2ddc _cBK |
||